000 00797nam a22002897a 4500
001 BR8106142
003 BR-BrBNA
005 20230928091053.0
007 ta
008 230509b bl.||||| |||| 00| 0 por d
040 _aBR-BrBNA
_bpor
_cBiblioteca Nacional de Agricultura
041 _a(Por)
072 _aN10
_b/G514
090 _ N10 BR8106142
100 1 _aLazarini, D.B.
110 1 _aCompanhia Energetica de Sao Paulo, Sao Paulo (Brasil)
_92428
245 1 _aInstalacoes eletricas para uma escola rural [Brasil]
260 3 _aSao Paulo, SP (Brasil):
_c1981.
300 _a46 p.
500 _a23 illus.
650 _aINSTALACAO ELETRICA
650 _aELETRIFICACAO RURAL
650 _aELETRICIDADE
650 _aESCOLA
909 _a202309
_bLucia
_c55
_dLucia Elande
942 _cBK
999 _c32065
_d32065